[Event "Santa Maria op 4th"]
[Site "Santa Maria"]
[Date "2023.11.26"]
[Round "6"]
[White "Righi, Luiz Antonio"]
[Black "Domingues, Michel Da Cruz"]
[Result "1-0"]
[WhiteElo "1690"]
[BlackElo "1712"]
[PlyCount "117"]
[EventDate "2023.11.24"]
[EventType "swiss"]
[EventRounds "6"]
[EventCountry "BRA"]
[SourceTitle "CB49_2023"]
[SourceDate "2023.12.06"]
[SourceVersion "1"]
[SourceVersionDate "2023.12.06"]
[SourceQuality "1"]

1. Nf3 d5 2. d4 c6 3. g3 f6 4. Bg2 Be6 5. Nbd2 Bf7 6. e4 e6 7. 0-0 Bd6 8. e5 Bc7 9. c4 Ne7 10. Re1 Nd7 11. Qb3 Rb8 12. exf6 gxf6 13. Bh3 Nf8 14. cxd5 cxd5 15. Qa4+ Nc6 16. b4 b5 17. Qc2 Rb6 18. a3 Bg6 19. Bf5 Kf7 20. Bxg6+ hxg6 21. Bb2 a5 22. Rac1 a4 23. Re3 Bd6 24. Rc3 Ne7 25. Qd3 Nd7 26. Re1 Bb8 27. Rc2 Nf5 28. Kg2 Nd6 29. Nh4 Rxh4 30. gxh4 Nf5 31. Nf3 Qh8 32. Rh1 Nd6 33. Bc1 Ne4 34. Re2 f5 35. Ng5+ Kg7 36. f3 Qxh4 37. fxe4 dxe4 38. Qh3 Qxh3+ 39. Kxh3 Nf6 40. Rc2 Nd5 41. Re1 Kf6 42. Kg2 Bd6 43. h4 Rb8 44. Rc6 Ke7 45. Nh3 Kd7 46. Rc2 e5 47. dxe5 Bxe5 48. Bg5 Re8 49. Rd1 Ke6 50. Rc5 Nc3 51. Rc6+ Kf7 52. Rd7+ Kg8 53. Rxg6+ Kh8 54. Bf6+ Bxf6 55. Rxf6 e3 56. Ng5 e2 57. Rh6+ Kg8 58. Rg6+ Kh8 59. Rh7# 1-0

[Event "Santa Maria SMXC Cup-A 6th"]
[Site "Santa Maria de Jetiba"]
[Date "2020.01.15"]
[Round "3"]
[White "Santos, Leonardo Bortolotti"]
[Black "Domingues, Michel Da Cruz"]
[Result "1-0"]
[WhiteElo "2034"]
[BlackElo "1809"]
[PlyCount "75"]
[EventDate "2019.12.21"]
[EventType "tourn"]
[EventRounds "14"]
[EventCountry "BRA"]
[SourceTitle "EXT 2021"]
[Source "ChessBase"]
[SourceDate "2020.10.23"]
[SourceVersion "1"]
[SourceVersionDate "2020.10.23"]
[SourceQuality "1"]

1. e4 e6 2. d4 d5 3. Nc3 Bb4 4. Nge2 dxe4 5. a3 Ba5 6. b4 Bb6 7. Nxe4 Qd5 8. Qd3 Qf5 9. c4 a6 10. N2g3 Qg6 11. c5 Ba7 12. h4 f5 13. h5 Qf7 14. Ng5 Qe7 15. Nf3 Bd7 16. Bg5 Nf6 17. Qe3 Bb5 18. Bxb5+ axb5 19. 0-0 Nbd7 20. Rfe1 Kf7 21. Nxf5 Qe8 22. Qb3 Nd5 23. h6 Rg8 24. hxg7 Rxg7 25. Nxg7 Kxg7 26. Ne5 Nxe5 27. Rxe5 Qg6 28. Qh3 h6 29. Bd2 Rf8 30. Rxe6 Rf6 31. Rae1 c6 32. Rxf6 Nxf6 33. Re7+ Kf8 34. Rxb7 Ng4 35. Bxh6+ Ke8 36. Qb3 Nxh6 37. Qe3+ Kf8 38. Qe7+ 1-0